000 00689nam a22002297a 4500
003 DO-SdBNP
005 20250122105004.0
008 220125b2019 ||||| |||| 00| 0 spa d
020 _a139789945608366
040 _aDO-SdBNP
_bspa
_cBNPHU
082 _aRD863.44
_bL951c
100 1 _a Lugo Ramírez, Doris E.
_d1965-
_986902
100 1 _a Lugo Ramírez, Doris E.
_d1965-
_986902
245 _aChocolat /
_cDoris E. Lugo Ramírez
246 _aMi ama porque me ama
260 _aSan Juan, Puerto Rico :
_bIsla Negra,
_c2019
590 _aInventariado, 2022 / DG
650 _aCuento dominicano
_926903
650 _aLiteratura dominicana
_981008
910 _aDG
942 _2ddc
_cLBS1
999 _c51221
_d51221